Word Ladder: Killer Gossip Quiz Stats

 Plays Quiz Updated Aug 9, 2017

Support Sporcle.
Go Orange.
Score 0/12 Timer 01:30
0 Plays Today
Clue 4-Letter Word % Correct
Write a computer programCODE
90%
Fluid secreted by the liverBILE
89.2%
2003 film: 'Agent ____ Banks'CODY
87.5%
Driving feeTOLL
86.8%
Cash register drawerTILL
85.9%
ApproachCOME
83.2%
Flat, rectangular slab of baked clayTILE
82.5%
The Killer's lyric: '[rung 1][rung 5] ___ me you had a boyfriend...'♪ TOLD ♪
82.2%
The Killer's lyric: '[rung 1]___ [rung 12] me you had a boyfriend...'♪ BODY ♪
74.6%
Wait awhileBIDE
74.4%
To be an omen ofBODE
70.6%
The Killer's lyric: '___[rung 5] [rung 12] me you had a boyfriend...'♪ SOME ♪
68.8%

Today's Daily Dose

You're not logged in!

Compare scores with friends on all Sporcle quizzes.
OR
Log In
Forgot?

From the Vault

Foods by Country

by Jahudo

We here at Sporcle are just doing our part to help you plan your menu.
Remove Ads.
Support Sporcle.
Get the best of Sporcle when you Go Orange. This ad-free experience offers more features, more stats, and more fun while also helping to support Sporcle. Thank you for becoming a member.

Show Comments

Extras

Top Quizzes Today


Score Distribution

Your Account Isn't Verified!

In order to create a playlist on Sporcle, you need to verify the email address you used during registration. Go to your Sporcle Settings to finish the process.

Report this User

Report this user for behavior that violates our Community Guidelines.

Details: